Loading...
| Philosophy | 0 | 8 | 0 | 1 | 80 | 87 | 106.75 | 6 | 8 | 0.00 | 0.00 |
| Literature - American | 0 | 7 | 0 | 0 | 70 | 34 | 80.00 | 7 | 7 | 0.00 | 0.00 |
| Literature - World | 0 | 6 | 1 | 0 | 55 | 67 | 97.50 | 4 | 6 | 0.00 | 0.00 |
| Mythology | 0 | 5 | 1 | 0 | 45 | 81 | 101.80 | 4 | 5 | 0.00 | 0.00 |
| Social Science | 0 | 5 | 2 | 1 | 40 | 51 | 90.20 | 3 | 5 | 0.00 | 0.00 |
| Literature - British | 0 | 4 | 0 | 0 | 40 | 90 | 98.50 | 4 | 4 | 0.00 | 0.00 |
| Literature - European | 0 | 4 | 0 | 1 | 40 | 85 | 105.50 | 3 | 4 | 0.00 | 0.00 |
| Religion | 0 | 3 | 1 | 0 | 25 | 102 | 116.33 | 2 | 3 | 0.00 | 0.00 |
| Current Events | 0 | 1 | 0 | 0 | 10 | 63 | 63.00 | 1 | 1 | 0.00 | 0.00 |
| Fine Arts - Painting and Sculpture | 0 | 1 | 1 | 0 | 5 | 78 | 78.00 | 1 | 1 | 0.00 | 0.00 |
| Fine Arts - Classical Music | 0 | 0 | 1 | 0 | -5 | 0.00 | 0 | 0 | 0.00 | 0.00 |